| 000 | 01984nam0a2200373 4500 | ||
|---|---|---|---|
| 001 | RU\NLR\BIBL_A\022528973 | ||
| 005 | 20250528164653.0 | ||
| 010 |
_a978-5-00201-215-2 _9300 |
||
| 021 |
_aRU _bКН-П-25-011251 _9КН-П-25-1138 |
||
| 035 | _a(NLR Aleph) 022528973 | ||
| 090 |
_a13429079 _c13429079 |
||
| 100 | _a20250423d2024 u y0rusy50 ca | ||
| 101 | 0 | _arus | |
| 102 | _aRU | ||
| 105 | _aa|||j|||000yy | ||
| 181 | 0 |
_ai3 _baxxe |
|
| 182 | 0 | _an | |
| 200 | 1 |
_aМеждународный опыт эколого-правового нормирования добычи нефти и газа на морском шельфе _eучебное пособие _fПопова Н. В., Курапов А. А., Умербаева Р. И. [и др.] |
|
| 203 |
_aТекст _bвизуальный _cнепосредственный |
||
| 210 |
_aАстрахань _cСорокин Роман Васильевич _d2024 |
||
| 215 |
_a246 с. _cил., табл. _d29 |
||
| 320 | _aБиблиогр.: с. 222-246 (273 назв.) | ||
| 606 | 1 |
_aНефтегазовая промышленность _jУчебные издания _xПредприятия _xЭкологическая безопасность _92226900 _3RU\NLR\AUTH\6601569619 |
|
| 606 | 1 |
_aОкружающая среда _jУчебные издания _xОхрана при освоении нефтегазовых месторождений _yКаспийское море _92416539 _3RU\NLR\AUTH\661439418 |
|
| 686 | 1 | _aУ28(0)530.565.2я7 | |
| 686 | 1 | _aУ28(2)530.565.2(2Р)я7 | |
| 686 | 1 | _aХ916.9я7 | |
| 701 | 1 |
_7ca _8rus _aПопова _bН. В. _cканд. биол. наук _gНаталья Викторовна _967339 _3RU\NLR\AUTH\7784411 |
|
| 701 | 1 |
_aКурапов _bА. А. _gАлексей Александрович |
|
| 701 | 1 |
_aУмербаева _bР. И. _gРоза Ивановна |
|
| 942 | _cBOOK | ||
| 980 | _aNB | ||